The Last Word: Book Titles Quiz Stats

 Plays Quiz Updated Feb 19, 2015

Challenge
Share
Tweet
Embed
Score 0/36 Timer 05:00
6 Plays Today
Hint Answer % Correct
George OrwellFour
97.3%
George OrwellFarm
96.8%
F. Scott FitzgeraldGatsby
95.8%
Charles DickensTwist
93.9%
Aldous HuxleyWorld
91.8%
Fyodor DostoyevskyPunishment
89.5%
Ernest HemingwayArms
87.5%
Kurt VonnegutFive
85.5%
John SteinbeckEden
85.4%
Ernest HemingwayRises
84.3%
Ray Bradbury451
73.9%
William FaulknerFury
73.4%
F. Scott FitzgeraldNight
71.2%
William FaulknerDying
66.4%
Joseph ConradDarkness
66%
Kurt VonnegutCradle
65.8%
Kurt VonnegutChampions
63.1%
John SteinbeckRow
58.2%
Hint Answer % Correct
George EliotMarner
52.9%
Fyodor DostoyevskyKaramazov
46.6%
Joseph ConradSea
44.7%
Ray BradburyChronicles
41.8%
Charles DickensDorrit
35.7%
George EliotFloss
32.3%
F. Scott FitzgeraldDamned
25.5%
Ernest HemingwayAfternoon
24.8%
William FaulknerMoses
23.3%
John SteinbeckPony
23.2%
Charles DickensSon
20.8%
George OrwellPier
19%
Fyodor DostoyevskyUnderground
18.4%
George EliotDeronda
12.7%
Joseph ConradEyes
10.1%
Ray BradburySpace
9.3%
Aldous HuxleyGaza
9.2%
Aldous HuxleyYellow
7.2%

You're not logged in!

Compare scores with friends on all Sporcle quizzes.
OR
Log In

You Might Also Like...

Show Comments

Extras

Top Quizzes Today


Score Distribution

Your Account Isn't Verified!

In order to create a playlist on Sporcle, you need to verify the email address you used during registration. Go to your Sporcle Settings to finish the process.

Report this User

Report this user for behavior that violates our Community Guidelines.

Details: